000 00624nam a2200229Ia 4500
003 OSt
005 20220926010045.0
006 a|||||r|||| 00| 0
007 ta
008 220923b |||||||| |||| 00| 0 eng d
037 _cGeneral Book
040 _aRTL
_cRTL
_beng
041 _2eng
_aeng
082 _aX9:8, M5
100 _aGirdhari Lal
_9311792
245 0 _aManagement of discipline in industry
260 _a New Delhi
_bUniversity Book House India
_c1985
300 _a271p.
_ccm.
650 _aManagement
_930681
942 _hX9:8, M5
_cGB
_2CC
999 _c616300
_d616300